|
|
|
|
| LEADER |
00000nam a2200000 a 4500 |
| 001 |
vtls001449670 |
| 003 |
SK-MaSNL |
| 005 |
20260301073056.0 |
| 008 |
130607sm y0 xo a r 0 eng |
| 015 |
|
|
|a SNBA2003/11-04139
|
| 020 |
|
|
|a 8022716901
|
| 035 |
|
|
|a SNK000404951
|
| 040 |
|
|
|a SNK
|b slo
|c SNK
|e AACR2
|
| 044 |
|
|
|a xo
|c SK
|
| 072 |
|
7 |
|a 66
|x Chemický priemysel. Chemická technológia
|2 konspekt
|
| 080 |
|
|
|a 66.0
|2 1981
|
| 080 |
|
|
|a (063)
|2 1981
|
| 080 |
|
|
|a (048.3)
|2 1981
|
| 110 |
2 |
|
|a Slovenská spoločnosť chemického inžinierstva.
|b Medzinárodná konferencia
|n (29. :
|d 2002 :
|c Tatranské Matliare, Slovensko)
|4 aut
|9 36389
|
| 245 |
1 |
|
|a Proceedings [of the] 29th international conference of Slovak society of chemical engineering
|b Tatranské Matliare, Slovakia, May 27-31, 2002
|c editors: J. Markoš, V. Štefuca
|
| 250 |
|
|
|a [1. ed.]
|
| 260 |
|
|
|a Bratislava
|b Slovak University of Technology
|c c2002
|
| 300 |
|
|
|a 215 s., [8] s. príl.
|b grafy, sch.
|c 20 cm
|
| 504 |
|
|
|a Res. angl. Men. reg.
|
| 650 |
0 |
7 |
|a chemické inžinierstvo
|2 SNKPH
|9 66908
|
| 655 |
|
7 |
|a zborníky konferencií
|2 SNKPH
|9 70153
|
| 655 |
|
7 |
|a abstrakty
|2 SNKPH
|9 22516
|
| 700 |
1 |
|
|a Markoš, Jozef,
|d 1957-
|4 edi
|9 212325
|
| 700 |
1 |
|
|a Štefuca, Vladimír,
|d 1963-
|4 edi
|9 89586
|
| 710 |
2 |
|
|a Slovenská technická univerzita v Bratislave
|4 vyd
|9 239337
|
| 919 |
|
|
|a 80-227-1690-1
|
| 968 |
|
|
|d 66/69
|
| 999 |
|
|
|c 643056
|d 644986
|
| 952 |
|
|
|t P60, <03>, [BOOK], {603}
|a SNK
|b SNK
|y PREZ
|7 0
|p 17A0375325
|o snkSD 72736
|i snkKSP 2423/2003
|0 0
|1 0
|4 0
|d 2003-02-17
|l 0
|r 2025-11-20 00:00:00
|w 2026-02-23
|
| 952 |
|
|
|t P60, <04>, [BOOK], {604}
|a SNK
|b SNK
|y VYP
|7 0
|p 17A0375326
|o snkSD 72736 D1
|i snkKSP 2424/2003
|0 0
|1 0
|4 0
|d 2003-02-17
|l 0
|r 2005-01-02 00:00:00
|w 2026-02-23
|